000 00478nam a2200181Ia 4500
005 20250923144240.0
008 008 250917s9999 xx 000 0 eng d
037 _aTextual
040 _aDSWL
_beng
_cDSWL
041 _aeng
_2eng
084 _azG, N46
_qDSWL
100 _aShridhani, K
_9822829
245 0 _aMahatma and the world
_cby K Shridhani
260 _aNew York
300 _a247 p.
942 _cTEXL
_hzG, N46
999 _c1436579
_d1436579